Pokémon - Les attaques de Drackhaus - Statistiques

Statistiques générales
  • Ce quiz a été pris 19 fois
  • Le résultat moyen est 10 sur 14
Statistiques - réponses
Niveaux Types Noms des attaques % Correct
Départ Dragon Draco-Souffle
94%
Niveau 25 Ténèbres Mâchouille
94%
Départ Ténèbres Morsure
94%
Départ Feu Flammèche
88%
Départ Normal Groz'Yeux
88%
Départ Évolution Normal Abri
81%
Niveau 53 Feu Lance-Flammes
81%
Niveau 33 Dragon Draco-Griffe
75%
Niveau 60 Dragon Colère
69%
Niveau 67 Normal Damoclès
50%
Niveau 20 Normal Grimace
50%
Niveau 15 Normal Coup d'Boule
44%
Niveau 39 Psy Psykoud'Boul
44%
Niveau 46 Normal Puissance
38%
Aucun quiz correspondant
Distribution des résultats
% des personnes avec chaque résultat
Percentile par nombre de réponses
Votre historique - résultats
Vous n’avez pas pris ce quiz